000 00915pam a2200265 a 4500
001 3261031
003 NUST-PNEC
005 20170116180715.0
008 810924s1983 nyua b 001 0 eng
010 _a 81015916
020 _a0442244266
040 _aDLC
_cPNEC
_dDLC
050 0 0 _aTJ163.3
_b.H8 1983
082 0 0 _a621.042 DAV
100 1 _aHu, S. David.
245 1 0 _aHandbook of industrial energy conservation /
_cS. David Hu.
260 _aNew York :
_bVan Nostrand Reinhold,
_cc1983.
300 _axxi, 520 p. :
_bill. ;
_c24 cm.
500 _ahttp://www.amazon.com/Handbook-Industrial-Energy-Conservation-David/dp/0442244266/ref=sr_1_1?s=books&ie=UTF8&qid=1413451687&sr=1-1&keywords=0442244266
504 _aIncludes bibliographical references and index.
650 0 _aEnergy conservation.
650 0 _aEnergy policy.
906 _a7
_bcbc
_corignew
_d1
_eocip
_f19
_gy-gencatlg
942 _2ddc
_cBK
999 _c61113
_d61113